Cómo escribir un artículo científico en inglés
Saved in:
| Hovedforfatter: | |
|---|---|
| Format: | Bog |
| Sprog: | spansk engelsk |
| Udgivet: |
Madrid
Hélice
1999
|
| Udgivelse: | 1a. ed |
| Serier: | Tangente
|
| Fag: | |
| Tags: |
Tilføj Tag
Ingen Tags, Vær først til at tagge denne postø!
|
MARC
| LEADER | 00000cam a2200000 a 4500 | ||
|---|---|---|---|
| 001 | UCC5752 | ||
| 003 | CL-VaPUC | ||
| 008 | 181026e19990000sp |||||||||||||||||spa|d | ||
| 020 | |a 9788492112425 | ||
| 041 | 0 | 7 | |a spa |2 CL-VaPUC |
| 041 | 0 | 7 | |a eng |2 CL-VaPUC |
| 082 | 0 | 4 | |a 001.42 |b NOR |2 21 |
| 100 | |a Norman, Guy |e autor |9 600097 | ||
| 245 | 1 | 0 | |a Cómo escribir un artículo científico en inglés |
| 250 | |a 1a. ed | ||
| 300 | |a 141 p | ||
| 942 | |c BK | ||
| 945 | |d 20181026 16:22:00 |a dcastane | ||
| 260 | |a Madrid |b Hélice |c 1999 | ||
| 650 | 7 | |a REDACCION DE ARTICULOS |2 CL-VaPUC |9 476779 | |
| 650 | 0 | |a Redacción técnica |9 259855 | |
| 650 | 7 | |a REDACCION DE INFORMES |2 CL-VaPUC |9 600098 | |
| 650 | 7 | |a REDACCION DE INFORMES CIENTIFICOS |2 CL-VaPUC |9 600099 | |
| 650 | 0 | |a Lengua inglesa |9 318842 | |
| 583 | |a last modification |c 20181026 16:22:00 |k Rodrigo Vera | ||
| 490 | 0 | |a Tangente | |
| 999 | |c 372866 |d 372864 | ||
| 952 | |0 0 |1 0 |3 erb |4 0 |6 001_420000000000000_NOR_1999 |7 0 |8 CCM |9 490733 |a BIBCUR |b BIBCUR |i 5510104 |o 001.42 NOR 1999 |p 5510104 |r 2025-04-22 |w 2019-11-24 |y BK_R |z Catalogado en:20181026 |k CIM | ||
| 952 | |0 0 |1 0 |3 erb |4 0 |6 001_420000000000000_NOR_1999 |7 0 |8 R |9 490734 |a BIBCUR |b BIBCUR |i 5510090 |l 9 |o 001.42 NOR 1999 |p 5510090 |q 2026-03-18 |r 2025-03-25 |s 2025-03-25 |w 2019-11-24 |y BK_R |z Catalogado en:20181026 |k CIM | ||